Регионална библиотека "Любен Каравелов" - Русе

Ефективна мотивация на персонала (Запис номер 71337)

MARC детайли
000 -Лидер
Контролно поле с фиксирана дължина 03057nam a2200433 c 4500
003 - Код на организацията, давaща контролен номер
Контролно поле BLK
005 - Дата и час на последна редакция
Контролно поле 20190424111815.0
008 - Елементи от данни с фиксирана дължина
fixed length control field 180408b bul|||||r ||||||| ||bul||
010 ## - Наследен системен номер
LC control number KNG00075705000
020 ## - Международен стандартен номер на книга ISBN
Международен стандартен номер на книга ISBN 978-954-685-504-6
-- издат.: СофтПрес
040 ## - Източник на каталожния запис
Идентификатор на билиотеката - собственик на записа BLK
041 ## - Код за език
Код за езика на текст/звукозапис или на отделно заглавие Български
Код за езика КДБФ Български
080 ## - УДК
Текстов определител УДК Разпределение на трудовите ресурси. Заетост. Пазар на труда. Надомна заетост(икон.)Вж и 349.24, трудови борси и бюра, управл. на работ. сила, посредничество и др. Управление на човешките ресурси вж и
УДК код - определител по УДК 331.5
УДК определител :159.9(035)
УДК - код + определител 331.5:159.9(035)
080 ## - УДК
Текстов определител УДК Взаимоотношения в предприятията. Производствени взаимоотношения. Управление на персонала
УДК код - определител по УДК 658.3
УДК определител (035)
УДК - код + определител 658.3(035)
080 ## - УДК
Текстов определител УДК Социално поведение. Девиантно поведение. Социална патология. Активност и пасивност, конвенционално поведение, мотивация, потребности, стремежи
УДК код - определител по УДК 316.62
УДК определител (035)
УДК - код + определител 316.62(035)
080 ## - УДК
Текстов определител УДК Организация на персонала. Правилник за вътрешния ред. Трудова дисциплина - Щат, състав и управление на персонала. Текучество на кадрите. Назначаване и набиране на работници. Повишения. Отличия.
УДК код - определител по УДК 331.108
УДК определител (035)
УДК - код + определител 331.108(035)
100 1# - Редна дума - Автор
Автор Самоукина, Наталия Василиевна
Авторска отговорност първи автор
R(LIN) 118688
139 ## - Редно поле
Редна дума Самоукина, Наталия Василиевна
Авторски знак Само - С 17
245 10 - Сведения за заглавието
Заглавие Ефективна мотивация на персонала
Редно поле (дума) Наталия Василиевна Самоукина; прев. от рус. Татяна Ташева.
257 ## - Страна на издаване
Страна на създаване/издаване Русия
260 ## - Област на издателските данни
-- София
Име на издателя, разпространителя и проч. СофтПрес
Година на издаване 2007
300 ## - Физическа характеристика
Страници 286 с.
Размери/Мащаб 21 см
380 ## - Жанр
Жанр Обществени науки
500 ## - Общи забележки
Забележка Авт. не означен на кор. и загл. с. - Ориг. загл. Эффективная мотивация персонала при минимальных финансовых затратах / Н. В. Самоукина.
590 ## - Забележки на библиотеката, притежаваща документа (RLIN)
Служебно ф
650 #4 - Допълнително описание по предмет – тема
Основно описание – тема или топоним Човешки ресурси
9 (RLIN) 177688
650 #4 - Допълнително описание по предмет – тема
Основно описание – тема или топоним Трудови ресурси - организация и управление
9 (RLIN) 245485
650 #4 - Допълнително описание по предмет – тема
Основно описание – тема или топоним Кадри - управление и организация - наръчници и ръководства
9 (RLIN) 255694
653 ## - Ключова дума – ненормативна
Ключова дума човешки ресурси
653 ## - Ключова дума – ненормативна
Ключова дума трудови ресурси
653 ## - Ключова дума – ненормативна
Ключова дума мотивация
653 ## - Ключова дума – ненормативна
Ключова дума управленски практики
700 1# - Други автори (авторска отговорност)
Лично име Ташева, Татяна
Автороска отговорност (Описва отношението между автора и произведението) прев. от рус.
9 (RLIN) 365941
852 ## - Местоположение
Форматна сигнатура Цб 234366
856 4# - Електронен адрес и достъп
Електронен формат pdf - файл
Път до файла /url/
856 4# - Електронен адрес и достъп
Електронен формат pdf - файл
Път до файла /url/
942 ## - АРТИКУЛИ
Вид на библиотечния материал Книги
Скрит в OPAC Не
Koha issues (borrowed), all copies 1
944 ## - СЪЗДАВАНЕ И РЕДАКЦИЯ на ЗАПИСА
Създаване/Редакция Създаване
Дата на регистрацията/редакция 14.06.2007
Служител, извършил регистрацията/редакцията Людмила_Стоянова
944 ## - СЪЗДАВАНЕ И РЕДАКЦИЯ на ЗАПИСА
Създаване/Редакция Редакция
Дата на регистрацията/редакция 29.10.2008
Служител, извършил регистрацията/редакцията
999 ## - СИСТЕМНИ КОНТРОЛНИ НОМЕРА
Koha biblionumber 71337
Koha biblioitemnumber 71337
Наличности
Код за отписване Код за изгубен артикул Код за повреда Коз за рестрикции Код за отдаване Артикулен № Име на библиотеката - собственик Име на библиотеката, в която се намира в момента Статус (Текущо местоположение) Дата на вписване в системата Местоположение - отдел Цена в лева Инвентарен номер Систематично азбучна сигнатура Баркод Номер на екземпляра Цена в евро Служебна бележка Служебен тип на артикула
  Не е изгубен Не е повреден без рестрикции ползва се в читалня 116419 Регионална библиотека "Любен Каравелов" Русе Регионална библиотека "Любен Каравелов" Русе Читалня 2007-06-14 Читалня 9.99 120000714577 Ч 331/С 17 120000714577 1 5.11 Дост: Pk Вид: Ф N: 401173 Дата: 05.06.2007 Дата инв: 22.03.2017 Бележки инв: Ч2017 Книги
Vip Innovations Ltd, Rousse, Bulgaria 2025